00611nam a2200133Ia 4500008004100000245023200041260002900273260000900302300000600311650001300317856005500330999001900385952007300404170516s9999 xx 000 0 und d aDevelopment and Evaluation of Mouth Dissolving Films of Amlodipine Besylate for Enhanced Therapeutic Efficacy, K. M. Maheswari, Pavan Kumar Devineni, Sravanthi Deekonda, Salma Shaik, Naga Pravallika Uppala, and Buchi N. Nalluri bJournal of Pharmaceutics c2014 a: xPharmacy uhttps://www.hindawi.com/journals/jphar/contents/2/ c331179d331179 001040aCLbCLd2017-05-16l0r2017-05-16 00:00:00w2017-05-16yFOJ